Kultúrmunka a felszabadult Délvidéken

Elmentve itt :
Bibliográfiai részletek
Dokumentumtípus: Cikk
Megjelent: 1942
Sorozat:Magyar lélek : a magyar népművelők országos folyóirata 4 No. 11
Kulcsszavak:Néprajztudomány
Online Access:http://misc.bibl.u-szeged.hu/2679
LEADER 00558nab a2200157 i 4500
001 misc2679
005 20191106141919.0
008 170607s1942 hu o 0|| hun d
040 |a SZTE Miscellanea Repozitórium  |b hun 
041 |a hun 
245 0 0 |a Kultúrmunka a felszabadult Délvidéken  |h [elektronikus dokumentum] 
260 |c 1942 
300 |a 507-509 
490 0 |a Magyar lélek : a magyar népművelők országos folyóirata  |v 4 No. 11 
695 |a Néprajztudomány 
856 4 0 |u http://misc.bibl.u-szeged.hu/2679/1/magyar_lelek_004_011_507-509.pdf  |z Dokumentum-elérés